Miasta w Polsce z końcówką "-wiec" - Nagła Śmierć - Statystyki

Ogólne statystyki
  • Ten quiz został rozwiązany 169 razy
  • Średni wynik to 5 z 10
Answers on the Grid
Answers color-coded by a green-red scale on the quiz's grid according to % correct below.
Bolesławiec (Dolnośląskie)
Bolesławiec (Łódzkie)
Borowiec
Ciechanowiec
Jarosławiec
Kolsowiec
Lubowiec
Mirosławiec
Opatowiec
Parowiec
Rejowiec
Sosnowiec
Stowiec
Szawiec
Szydłowiec
Warszawiec
Wągrowiec
Węgrowiec
Wiec
Żywiec
 
Statystyki odpowiedzi
Odpowiedź % Poprawnych
Bolesławiec (Dolnośląskie)
86%
Sosnowiec
62%
Żywiec
55%
Bolesławiec (Łódzkie)
51%
Wągrowiec
46%
Mirosławiec
39%
Opatowiec
35%
Szydłowiec
35%
Ciechanowiec
31%
Rejowiec
24%
Nie znaleziono quizów pasujących do podanych kryteriów
Rozkład punktacji
Procent ludzi z każdym wynikiem
Percentyl według liczby udzielonych odpowiedzi
Twoja historia wyników
Nie rozwiązałeś tego quizu